000 00611nam a2200193Ia 4500
005 20260114185652.0
008 008 260114s9999 xx 000 0 eng d
020 _a9781472553355
037 _aEBOOK
040 _aCRL
_beng
_cCRL
041 _aeng
_2eng
084 _qCRL
100 _aRonald Dore
_9872909
245 0 _aFlexible Rigidities Industrial Policy and Structural Adjustment in the Japanese Economy, 1970-1980
260 _bBloomsbury
_c2012
856 _uhttps://doi.org/10.5040/9781472553355?locatt=label:secondary_bloomsburyCollections
942 _cEBOOK
999 _c1471857
_d1471857